| 000 | 00696nam a2200169 a 4500 | ||
|---|---|---|---|
| 008 | 071214s2005 ||||||||||||||||| || u | ||
| 020 | _a0821361627 | ||
| 050 | _aIBRD(02) | ||
| 110 | _aWorld Bank | ||
| 245 | 1 | 0 |
_aConnecting East Asia: a new framework for infrastructure _cAsian Development Bank; Japan Bank for International Cooperation; The World Bank |
| 260 |
_aWashington, D.C. _bWorld Bank _c2005 |
||
| 300 | _alvi, 251p.: ill. | ||
| 350 | _a0.00 | ||
| 650 | _aINFRASTRUCTURE--ECONOMICS--EAST ASIA | ||
| 650 | _aINFRASTRUCTURE | ||
| 995 |
_D0.00 _FCBU-MAIN LIBRARY (Kitwe) _H1 _I0.00 _M1 _UAVAILABLE _WDec 14, 2007 _ZInternational Publications |
||
| 999 |
_c38437 _d38437 |
||